Los hombres de la Restauración / (Record no. 155532)
[ view plain ]
| 000 -LEADER | |
|---|---|
| campo de control de longitud fija | 01213nam a2200265 i 4500 |
| 001 - NÚMERO DE CONTROL | |
| campo de control | 155532 |
| 003 - IDENTIFICADOR DE NÚMERO DE CONTROL | |
| campo de control | ES-MaACL |
| 005 - FECHA Y HORA DE LA ÚLTIMA TRANSACCIÓN | |
| campo de control | 20230906210120.0 |
| 008 - DATOS DE LONGITUD FIJA--INFORMACIÓN GENERAL | |
| campo de control de longitud fija | 980115m18801884sp |||| | spa d |
| 040 ## - FUENTE DE CATALOGACIÓN | |
| Centro catalogador/agencia de origen | NA |
| Lengua de catalogación | spa |
| Centro/agencia transcriptor | NA |
| 100 1# - ENTRADA PRINCIPAL--NOMBRE DE PERSONA | |
| Nombre de persona | Prugent Lobera, Enrique. |
| 9 (RLIN) | 167355 |
| 245 14 - MENCIÓN DEL TÍTULO | |
| Título | Los hombres de la Restauración / |
| Mención de responsabilidad, etc. | autobiografías dirigidas y redactadas con la cooperación de distinguidos colaboradores por Enrique Prúgent. |
| 250 ## - MENCION DE EDICION | |
| Mención de edición | 1ª ed. |
| 260 ## - PUBLICACIÓN, DISTRIBUCIÓN, ETC. | |
| Lugar de publicación, distribución, etc. | Madrid : |
| Nombre del editor, distribuidor, etc. | [s.n.], |
| Fecha de publicación, distribución, etc. | 1880-1884 ( |
| Fabricante | Establecimiento tipográfico de Gregorio Juste) |
| 300 ## - DESCRIPCIÓN FÍSICA | |
| Extensión | 5 v. (266 p. ; 267 p. ; 270 p. ; 272 p. ; 270 p.) ; |
| Dimensiones | 32 cm. |
| 510 4# - NOTA DE CITAS O REFERENCIAS BIBLIOGRÁFICAS | |
| Nombre de la fuente | Palau, |
| Localización dentro de la fuente | 239914 |
| 530 ## - NOTA DISPONIBLE DE FORMULARIO FÍSICO ADICIONAL | |
| Nota de formato físico adicional disponible | Disponible en formato digital. |
| 596 ## - NOTA AL PIE DE IMPRENTA | |
| NOTA AL PIE DE IMPRENTA | El imp. del vol. III "Luis María Fuente" y el de los vol. IV y V "La Madre Patria" |
| 596 ## - NOTA AL PIE DE IMPRENTA | |
| NOTA AL PIE DE IMPRENTA | Marca tip. en port de vol. I. |
| 597 ## - NOTA DE DESCRIPCIÓN FÍSICA | |
| NOTA DE DESCRIPCIÓN FÍSICA | Antep. |
| 650 04 - PUNTO DE ACCESO ADICIONAL DE MATERIA--TÉRMINO DE MATERIA | |
| Término de materia o nombre geográfico como elemento de entrada | Españoles- |
| Subdivisión general | Biografías. |
| 9 (RLIN) | 12469 |
| 651 #4 - PUNTO DE ACCESO ADICIONAL DE MATERIA--NOMBRE GEOGRÁFICO | |
| Nombre geográfico | España- |
| Subdivisión general | Historia- |
| Subdivisión cronológica | 1874-1885, Alfonso XII. |
| 9 (RLIN) | 8265 |
| 852 ## - LOCALIZACIÓN | |
| Ubicación | ES-MaACL |
| Número de control de estantería | C-1588-89 |
| Nota libre | -- Enc. ed. en tela rojo con hierros y cortes dorados |
| condición física | -- Contiene únicamente los T. I-II |
| 856 ## - LOCALIZACIÓN Y ACCESO ELECTRÓNICOS | |
| Identificador Uniforme de Recursos | <a href="http://bdh-rd.bne.es/viewer.vm?id=0000005019&page=1 ">http://bdh-rd.bne.es/viewer.vm?id=0000005019&page=1 </a> |
| Nota pública | Biblioteca Digital Hispánica |
| Estatus retirado | Estado de pérdida | Estado de daño | No para préstamo | Colección | Biblioteca de origen | Biblioteca actual | Ubicación en estantería | Fecha de adquisición | Total de préstamos | Signatura topográfica completa | Código de barras | Visto por última vez | Precio de reemplazo | Tipo de ítem Koha |
|---|---|---|---|---|---|---|---|---|---|---|---|---|---|---|
| Colección digital | Biblioteca del Ateneo de Madrid | Biblioteca del Ateneo de Madrid | Sala Palomar | 17/01/2008 | C-1588-89 | 1162690 | 23/02/2023 | 23/02/2023 | Libro impreso antiguo |
